Supernova remnants and the interstellar medium (Record no. 9419)
[ view plain ]
| 000 -LEADER | |
|---|---|
| fixed length control field | 00635nam a2200217Ia 4500 |
| 003 - CONTROL NUMBER IDENTIFIER | |
| control field | IN-BaIIA |
| 008 - FIXED-LENGTH DATA ELEMENTS--GENERAL INFORMATION | |
| fixed length control field | 211028s9999 xx 000 0 eng d |
| 020 ## - INTERNATIONAL STANDARD BOOK NUMBER | |
| International Standard Book Number | 0-521-35062-X |
| 040 ## - CATALOGING SOURCE | |
| Transcribing agency | IIA Library |
| 080 ## - UNIVERSAL DECIMAL CLASSIFICATION NUMBER | |
| Universal Decimal Classification number | 082.2:52 |
| Item number | IAU-C101 |
| 100 ## - MAIN ENTRY--PERSONAL NAME | |
| Personal name | Roger, R. S. |
| 9 (RLIN) | 15853 |
| 245 #0 - TITLE STATEMENT | |
| Title | Supernova remnants and the interstellar medium |
| Statement of responsibility, etc. | R. S. Roger |
| 260 ## - PUBLICATION, DISTRIBUTION, ETC. | |
| Place of publication, distribution, etc. | Cambridge |
| Name of publisher, distributor, etc. | Cambridge University Press |
| Date of publication, distribution, etc. | 1988 |
| 300 ## - PHYSICAL DESCRIPTION | |
| Extent | x, 540p. |
| 490 ## - SERIES STATEMENT | |
| Series statement | IAU Colloquium no.101 |
| 650 ## - SUBJECT ADDED ENTRY--TOPICAL TERM | |
| Topical term or geographic name entry element | Astronomy and Astrophysics thesaurus |
| 650 ## - SUBJECT ADDED ENTRY--TOPICAL TERM | |
| Topical term or geographic name entry element | Interstellar matter |
| 9 (RLIN) | 1189 |
| 650 ## - SUBJECT ADDED ENTRY--TOPICAL TERM | |
| Topical term or geographic name entry element | Remnants |
| 9 (RLIN) | 15854 |
| 650 ## - SUBJECT ADDED ENTRY--TOPICAL TERM | |
| Topical term or geographic name entry element | Supernova |
| 9 (RLIN) | 15816 |
| 942 ## - ADDED ENTRY ELEMENTS (KOHA) | |
| Koha item type | Books |
| Withdrawn status | Lost status | Damaged status | Not for loan | Home library | Current library | Shelving location | Date acquired | Cost, normal purchase price | Total Checkouts | Full call number | Barcode | Date last seen | Cost, replacement price | Price effective from | Koha item type | Purchase Price |
|---|---|---|---|---|---|---|---|---|---|---|---|---|---|---|---|---|
| IIA Library-Bangalore | IIA Library-Bangalore | General Stacks | 1124.00 | 082.2:52/ IAU-C101 | 10329 | 05/11/2021 | 1124.00 | Books | Rs. 1124 |